00518nam a2200181Ia 4500008004100000020001800041082001600059100002600075245002700101250000600128260003300134300001300167500002400180650001200204942000700216952009600223999001700319230524s9999 xx 000 0 und d a9788183510073 a658.45bKUM aVarinder Kumar941998 0aBusiness Communication a1 aNew Delhibkalyani pubc2009 a"I,18p;" aQuantity Number: 1 aEnglish cBK 00104070aTATCLbTATCLcGENd2023-05-24l0o658.45 KUMp53854r2023-05-24w2023-05-24yBK c56413d56413